Заставе земаља бивше Аустро-Угарске – изненадна смрт - Statistics

General Stats
  • This quiz has been taken 73 times
  • The average score is 7 of 13
Answers on the Grid
Answers color-coded by a green-red scale on the quiz's grid according to % correct below.
 
Answer Stats
Answer % Correct
75%
71%
68%
61%
57%
57%
54%
50%
46%
43%
36%
29%
25%
No matching quizzes found
Score Distribution
Percent of People with Each Score
Percentile by Number Answered
Your Score History
You have not taken this quiz